[Event "Florianopolis op 6th"]
[Site "Florianopolis"]
[Date "2020.01.25"]
[Round "8"]
[White "Duarte, Leonardo Torqui"]
[Black "Silva, Kelvyr Peres"]
[Result "0-1"]
[WhiteElo "1196"]
[BlackElo "1374"]
[PlyCount "92"]
[EventDate "2020.01.20"]
[EventType "swiss"]
[EventRounds "10"]
[EventCountry "BRA"]
[SourceTitle "CBM 194 Extra"]
[Source "ChessBase"]
[SourceDate "2020.03.31"]
[SourceVersion "1"]
[SourceVersionDate "2020.03.31"]
[SourceQuality "1"]

1. e4 e5 2. Nf3 Nf6 3. Nc3 Nc6 4. Bc4 Bc5 5. d3 d6 6. 0-0 Bg4 7. h3 Bh5 8. Re1 Nd4 9. Re3 Nxf3+ 10. Rxf3 Bxf3 11. Qxf3 Qd7 12. a3 0-0-0 13. b4 Bd4 14. Nb5 Bxa1 15. Qe3 Bd4 16. Nxd4 exd4 17. Qxd4 Qa4 18. Bb3 Qa6 19. a4 Qb6 20. Qc4 Rhf8 21. a5 Qc6 22. Qd4 d5 23. e5 Ng8 24. Qxa7 Rfe8 25. d4 f6 26. Bb2 fxe5 27. dxe5 Ne7 28. Bc1 Ng6 29. Bg5 Ne7 30. Bxe7 Rxe7 31. Qa8+ Kd7 32. Qa7 Rxe5 33. Qd4 Qd6 34. Qd2 Rde8 35. Kf1 Re1+ 36. Qxe1 Rxe1+ 37. Kxe1 Qxb4+ 38. Kf1 Qxa5 39. Kg1 d4 40. Kh1 c5 41. Kg1 b5 42. c4 dxc3 43. Kf1 Qa3 44. Bd1 Qc1 45. Ke2 Qd2+ 46. Kf1 Qxd1# 0-1

[Event "Florianopolis op 6th"]
[Site "Florianopolis"]
[Date "2020.01.21"]
[Round "3"]
[White "Silva, Kelvyr Peres"]
[Black "Eger, Laura Luisa"]
[Result "0-1"]
[WhiteElo "1374"]
[BlackElo "1656"]
[PlyCount "72"]
[EventDate "2020.01.20"]
[EventType "swiss"]
[EventRounds "10"]
[EventCountry "BRA"]
[SourceTitle "CBM 194 Extra"]
[Source "ChessBase"]
[SourceDate "2020.03.31"]
[SourceVersion "1"]
[SourceVersionDate "2020.03.31"]
[SourceQuality "1"]

1. e4 e5 2. Nf3 Nc6 3. Bc4 Bc5 4. c3 Nf6 5. d4 exd4 6. cxd4 Bb4+ 7. Bd2 Nxe4 8. Bxb4 Nxb4 9. Bxf7+ Kxf7 10. Qb3+ d5 11. Ne5+ Kg8 12. Qxb4 Qg5 13. Qb3 c6 14. 0-0 h5 15. Qf3 Be6 16. Qe3 Qf6 17. Nc3 Nxc3 18. bxc3 Rf8 19. Rab1 Bc8 20. Rfe1 h4 21. Qf3 Qd6 22. Qe3 Rh7 23. Rb2 Rf5 24. Qd3 Rf6 25. Ng4 Rf8 26. Rbe2 Rf4 27. Ne5 Bf5 28. Qd2 Bc8 29. Qd3 Qf6 30. f3 Rf5 31. Qe3 Qd6 32. Nd3 h3 33. Ne5 hxg2 34. Rxg2 Rhh5 35. Ree2 Rf6 36. Ref2 Rh7 0-1

[Event "Maringa Parana-ch"]
[Site "Maringa"]
[Date "2018.01.31"]
[Round "1"]
[White "Silva, Kelvyr Peres"]
[Black "Nunes, Sidney Jr"]
[Result "0-1"]
[WhiteElo "1824"]
[BlackElo "2054"]
[PlyCount "84"]
[EventDate "2018.01.31"]
[EventType "swiss"]
[EventRounds "8"]
[EventCountry "BRA"]
[SourceTitle "CBM 182 Extra"]
[Source "ChessBase"]
[SourceDate "2018.02.23"]
[SourceVersion "1"]
[SourceVersionDate "2018.02.23"]
[SourceQuality "1"]

1. e4 e5 2. Nf3 Nc6 3. Bc4 Bc5 4. Nc3 Nf6 5. d3 d6 6. Bg5 h6 7. Bh4 g5 8. Bg3 a6 9. a3 Bg4 10. h3 Bh5 11. h4 g4 12. Ng1 Qd7 13. Qd2 Bg6 14. 0-0-0 0-0-0 15. Nd5 Nxd5 16. Bxd5 Ne7 17. Bc4 f5 18. h5 Be8 19. Bh4 f4 20. Ne2 Rf8 21. g3 Bxf2 22. Qb4 Bf7 23. Rdf1 Bc5 24. Qb3 Bxc4 25. Qxc4 f3 26. Nc3 Rde8 27. b4 Bd4 28. Bxe7 Rxe7 29. Nd5 Ref7 30. Kd2 c6 31. c3 Ba7 32. Ne3 Kb8 33. Nf5 d5 34. exd5 cxd5 35. Qb3 Rxf5 36. a4 e4 37. d4 Qe7 38. b5 e3+ 39. Ke1 e2 40. Rf2 Qe3 41. Qb2 Bxd4 42. cxd4 Rc8 0-1

[Event "BRA-ch U16"]
[Site "Itajai"]
[Date "2017.06.03"]
[Round "5"]
[White "Silva, Kelvyr Peres"]
[Black "Kuster, Michel Thiago"]
[Result "1-0"]
[WhiteElo "1800"]
[BlackElo "1717"]
[PlyCount "53"]
[EventDate "2017.06.01"]
[EventType "swiss"]
[EventRounds "6"]
[EventCountry "BRA"]
[SourceTitle "CBM 179 Extra"]
[Source "ChessBase"]
[SourceDate "2017.08.23"]
[SourceVersion "1"]
[SourceVersionDate "2017.08.23"]
[SourceQuality "1"]

1. e4 e5 2. Nf3 Nc6 3. Bc4 Nf6 4. Nc3 Be7 5. d3 d6 6. Be3 Bg4 7. h3 Bh5 8. g4 Bg6 9. Qd2 0-0 10. Rg1 h6 11. h4 Nb4 12. a3 d5 13. exd5 Nbxd5 14. Nxd5 Nxd5 15. Nxe5 Bxh4 16. Nxg6 fxg6 17. g5 h5 18. Rh1 Re8 19. Rxh4 Qe7 20. Bxd5+ Kh8 21. 0-0-0 c6 22. Bb3 b6 23. Re4 Qd6 24. Rxe8+ Rxe8 25. Qc3 h4 26. Rh1 c5 27. Rxh4# 1-0

[Event "BRA-ch U16"]
[Site "Itajai"]
[Date "2017.06.02"]
[Round "3"]
[White "Silva, Kelvyr Peres"]
[Black "Mariot Vaz, Joao Antonio Bertol"]
[Result "0-1"]
[WhiteElo "1800"]
[BlackElo "1322"]
[PlyCount "70"]
[EventDate "2017.06.01"]
[EventType "swiss"]
[EventRounds "6"]
[EventCountry "BRA"]
[SourceTitle "CBM 179 Extra"]
[Source "ChessBase"]
[SourceDate "2017.08.23"]
[SourceVersion "1"]
[SourceVersionDate "2017.08.23"]
[SourceQuality "1"]

1. e4 c5 2. Nf3 d6 3. d4 cxd4 4. Nxd4 Nf6 5. Nc3 g6 6. Be3 Bg7 7. Be2 0-0 8. Qd2 Nc6 9. 0-0 Re8 10. Rad1 Bg4 11. f3 Bd7 12. Qe1 Qb6 13. Bb5 Qc7 14. h3 a6 15. Bc4 Ne5 16. Bb3 Rac8 17. f4 Nc4 18. Bxc4 Qxc4 19. b3 Qxc3 20. Qxc3 Rxc3 21. Bd2 Rc7 22. Rde1 e5 23. fxe5 dxe5 24. Ne2 Rxc2 25. Rd1 Nxe4 26. a4 Rxd2 27. Rxd2 Nxd2 28. Rd1 Bh6 29. Rxd2 Bxd2 30. Kh2 Bf4+ 31. Nxf4 exf4 32. Kh1 Re2 33. Kg1 Bc6 34. g4 fxg3 35. b4 Re1# 0-1